000 00820nam a2200253Ia 4500
003 OSt
005 20220926004629.0
006 a|||||r|||| 00| 0
007 ta
008 220923b |||||||| |||| 00| 0 eng d
020 _a9780415529648
_c675.75
037 _b035/ 2012-13, 27/07/2012, PIONEER BOOK DISTRIBUTORS
_cGeneral Book
040 _aRTL
_cRTL
_beng
041 _2eng
_aeng
082 _aY:677v, Q2
100 _aSRIVATSAN R.
_934037
245 0 _aHistory of development thought
_b A critical anthology
260 _a New Delhi
_bRoutledge Press
_c2012
300 _axviii, 304p
_ccm.
500 _aBibliography: P.285-91
650 _aEconomics
942 _hY:677v, Q2
_cGB
_2CC
999 _c611832
_d611832